00943cam a22002773a 4500001000500000005001700005008004100022020001700063020001800080020001800098040004200116050001700158082000800175100002600183245006800209260003400277300004000311490004200351500003200393505000800425520014600433521002000579521002000599655003000619700001600649100020230815144850.0910309s1991 nyua j 000 1 eng d a0590436449 : a9780590436441 a9780590436441 aJEDcJEDdOHIdBTCTAdBAKERdDLCbeng00aPZ7.M3567585 aFic1 aMartin, Ann M.d1955-10aKaren's goldfish /cAnn M. Martin ; illustrations by Susan Tang aNew York :bScholastic,c1991 a98 pages :billustrations ;c20 cm.1 aBaby-sitters little sister ;vBook 16 a"A Little Apple paperback." aN  aKaren and her little brother Andrew are getting goldfish for pets. When something happens to Karen's goldfish Crystal Light, Karen is so sad. a570 bLexile  aN bRaz-Plus  7aChildren's stories.2lcsh1 aTang, Susan